00242 a2200121 4500001000700000020001800007040001100025100001800036240002700054245002200081300000800103362000900111187878 a85-305-0127-6 cMagnum aGaldino, Luiz10aNunca diaga adeuslpor10aNunca diaga adeus a1110 a1997